[Event "ICS rated standard match"]
[Site "204.178.125.65"]
[Date "2000.07.25"]
[Round "?"]
[White "PackMaster"]
[Black "Hossa"]
[Result "1-0"]
[WhiteElo "2502"]
[BlackElo "2277"]
[PlyCount "131"]
[EventDate "2000.??.??"]

1. d4 e6 2. c4 Bb4+ 3. Bd2 a5 4. g3 Be7 5. Bg2 Nf6 6. e4 d5 7. e5 Ne4 8. Qg4 g5
9. Bxe4 h5 10. Qe2 dxe4 11. Qxe4 Nd7 12. Nc3 Nb6 13. d5 a4 14. Be3 a3 15. Bxb6
axb2 16. Rb1 Bb4 17. Bd4 exd5 18. cxd5 c5 19. dxc6 Ra4 20. Qe3 Bxc3+ 21. Bxc3
Bf5 22. Rxb2 Re4 23. cxb7 Rxe3+ 24. fxe3 O-O 25. b8=Q Qxb8 26. Rxb8 Rxb8 27. h4
Rb1+ 28. Kf2 Rc1 29. Bd2 Rc2 30. Ke2 gxh4 31. Rxh4 Rxa2 32. Nh3 Bg4+ 33. Kd3
Ra8 34. Nf4 Rd8+ 35. Kc2 Rc8+ 36. Bc3 Bf5+ 37. Kd2 Rd8+ 38. Bd4 Ra8 39. Rxh5
Bc8 40. Rg5+ Kf8 41. Kc3 Ra5 42. Kb4 Ra8 43. Nd5 Rb8+ 44. Ka5 Rb1 45. Bc5+ Ke8
46. Nf6+ Kd8 47. Bd6 Ra1+ 48. Kb4 Rb1+ 49. Kc3 Rb3+ 50. Kd2 Rb2+ 51. Kd1 Rb1+
52. Ke2 Ba6+ 53. Kd2 Rb2+ 54. Kc3 Kc8 55. Kxb2 Kb7 56. Kc3 Kc6 57. Rg7 Bc8 58.
Rxf7 Be6 59. Rc7+ Kb5 60. Rc5+ Ka6 61. Kb4 Bc8 62. Rxc8 Kb7 63. Rc7+ Kb6 64.
Nd5+ Ka6 65. Kc4 Ka5 66. Ra7# 1-0

[Event "ICS rated standard match"]
[Site "204.178.125.65"]
[Date "2000.07.25"]
[Round "?"]
[White "Hossa"]
[Black "Y-ElGhazali"]
[Result "0-1"]
[WhiteElo "2270"]
[BlackElo "2235"]
[PlyCount "72"]
[EventDate "2000.??.??"]

1. e4 c5 2. c3 d5 3. Bb5+ Bd7 4. Bxd7+ Qxd7 5. e5 d4 6. cxd4 cxd4 7. Nf3 Nc6 8.
d3 e6 9. O-O Nge7 10. Bg5 Nf5 11. g4 h6 12. Bd2 Nfe7 13. h4 h5 14. gxh5 Rxh5
15. Bg5 Ng6 16. Nbd2 Be7 17. Nc4 O-O-O 18. b4 Bxg5 19. Nxg5 Rxh4 20. Nd6+ Kb8
21. f4 f6 22. Ngf7 Rf8 23. b5 Ncxe5 24. Nxe5 fxe5 25. fxe5 Rfh8 26. Qb3 Nxe5
27. Ne4 Rh1+ 28. Kg2 R1h2+ 29. Kg1 Qe8 30. Rf5 Qg6+ 31. Rg5 Nf3+ 32. Kf1 Nxg5
33. Qd1 Nxe4 34. Qf3 Nd2+ 35. Ke1 Nxf3+ 36. Kf1 Qxd3# 0-1

[Event "ICS rated standard match"]
[Site "204.178.125.65"]
[Date "2000.07.25"]
[Round "?"]
[White "Trap"]
[Black "Hossa"]
[Result "1/2-1/2"]
[WhiteElo "2101"]
[BlackElo "2252"]
[PlyCount "192"]
[EventDate "2000.??.??"]

1. d4 Nf6 2. Nf3 e6 3. Bf4 d5 4. e3 Bd6 5. Bxd6 cxd6 6. Be2 Nc6 7. h3 e5 8.
dxe5 dxe5 9. c3 Qb6 10. Qb3 Qxb3 11. axb3 a6 12. O-O O-O 13. b4 e4 14. Nd4 Nxd4
15. exd4 h5 16. Nd2 Kh7 17. b5 a5 18. Ra4 b6 19. b3 Be6 20. c4 Rac8 21. cxd5
Bxd5 22. Bc4 Rcd8 23. Re1 Ba8 24. Be2 h4 25. Rc1 Rd5 26. b4 Rxd4 27. Nc4 axb4
28. Nxb6 Bd5 29. Nxd5 Nxd5 30. Rc5 g6 31. Bc4 Rd1+ 32. Kh2 e3 33. Rxd5 e2 34.
Re5 e1=Q 35. Rxe1 Rxe1 36. Rxb4 Kg7 37. b6 Rb8 38. b7 Rd1 39. g3 Rd7 40. Ba6
Rd6 41. Bc4 hxg3+ 42. fxg3 Rd2+ 43. Kg1 Kg8 44. Ba6 Rc2 45. Bc4 Kg7 46. Bd5 f5
47. h4 Rd2 48. Bf3 Kf6 49. Rb6+ Kf7 50. Kf1 Rc2 51. Ke1 Kg7 52. Rb3 Ra2 53. Rb4
Kh7 54. Rc4 Re8+ 55. Kd1 Ra1+ 56. Kc2 Ra2+ 57. Kb3 Ra6 58. Rc7+ Kh6 59. Rc8
Rb6+ 60. Kc2 Re3 61. Bd5 Re5 62. b8=Q Rxb8 63. Rxb8 Rxd5 64. Rh8+ Kg7 65. Re8
Rc5+ 66. Kd2 Ra5 67. Ke3 Ra3+ 68. Kf4 Kf6 69. Re3 Ra1 70. Rc3 Ra6 71. Rc4 Ke6
72. Rb4 Kd5 73. Kg5 Re6 74. Rb2 Kd4 75. Rb1 Kd3 76. Rc1 Rb6 77. Re1 Kc4 78. Rd1
Re6 79. Rd7 Kc5 80. Rg7 Re3 81. Rxg6 Rxg3+ 82. Kxf5 Rh3 83. Kg4 Rh2 84. h5 Kd5
85. h6 Ke5 86. Rb6 Rg2+ 87. Kh5 Kf5 88. Kh4 Rh2+ 89. Kg3 Rh1 90. Kg2 Re1 91. h7
Re8 92. Rh6 Rh8 93. Kg3 Kg5 94. Rh2 Kg6 95. Kf4 Rxh7 96. Rxh7 Kxh7 1/2-1/2

[Event "ICS rated standard match"]
[Site "204.178.125.65"]
[Date "2000.07.25"]
[Round "?"]
[White "Hossa"]
[Black "PostModernist"]
[Result "0-1"]
[WhiteElo "2245"]
[BlackElo "2369"]
[PlyCount "138"]
[EventDate "2000.??.??"]

1. e4 c5 2. Nc3 Nc6 3. f4 e6 4. Bc4 Nge7 5. Nf3 d5 6. Bb5 dxe4 7. Nxe4 a6 8.
Be2 Ng6 9. d3 f5 10. Neg5 Bd6 11. g3 h6 12. Nh3 O-O 13. O-O e5 14. Nxe5 Ngxe5
15. fxe5 Bxe5 16. c3 g5 17. Nf2 f4 18. gxf4 gxf4 19. Bf3 Kh8 20. Kh1 Rg8 21.
Qb3 Qd6 22. Qf7 Qg6 23. Qc4 Bd6 24. Bxf4 Qf5 25. Nh3 Be6 26. Qa4 Ne5 27. Bxb7
Ra7 28. Bg5 Qxh3 29. Bf6+ Kh7 30. Be4+ Ng6 31. Qc2 Rf7 32. d4 cxd4 33. Rf3 Qh5
34. Raf1 dxc3 35. bxc3 Bg4 36. R3f2 Bg3 37. Rg2 Bh4 38. Rfg1 Rxf6 39. Rxg4 Bg5
40. Qd3 Rgf8 41. a3 Kg7 42. Qd7+ Kh8 43. R4g2 Qh4 44. Bc2 R6f7 45. Qd1 Nf4 46.
Rg4 Qf2 47. Bb3 Rg7 48. R4g3 a5 49. Rf1 Qb6 50. a4 Rd8 51. Qg4 Qb7+ 52. Rgf3
Rf8 53. Qg1 Qxb3 54. Qc5 Rd8 55. h4 Qxa4 56. hxg5 Rxg5 57. Rxf4 Qxf4 58. Rxf4
Rxc5 59. c4 Rg8 60. Rh4 Kh7 61. Kh2 a4 62. Rh3 Rcg5 63. Rf3 Rh5+ 64. Rh3 Rxh3+
65. Kxh3 a3 66. Kh4 a2 67. Kh3 a1=Q 68. Kh2 Qg1+ 69. Kh3 Qh1# 0-1

[Event "ICS rated blitz match"]
[Site "204.178.125.65"]
[Date "2000.07.25"]
[Round "?"]
[White "Hossa"]
[Black "QueenMaxima"]
[Result "0-1"]
[WhiteElo "2448"]
[BlackElo "2615"]
[PlyCount "134"]
[EventDate "2000.??.??"]

1. e4 c5 2. Bc4 e6 3. Nc3 a6 4. Nf3 b5 5. Be2 b4 6. Na4 Bb7 7. d3 Bc6 8. b3
Bxa4 9. bxa4 Qa5 10. Bf4 Nc6 11. O-O Qxa4 12. e5 Nge7 13. Bc1 Ng6 14. Bb2 c4
15. dxc4 Qa5 16. Re1 Bc5 17. Qd2 O-O 18. Rf1 Qc7 19. Rae1 Rac8 20. Bd3 Rfd8 21.
Bxg6 hxg6 22. Qf4 Be7 23. Re2 Na5 24. c3 Qxc4 25. Qxc4 Nxc4 26. cxb4 Bxb4 27.
h3 d5 28. exd6 Nxb2 29. d7 Rxd7 30. Rxb2 a5 31. g3 Rcd8 32. Rc2 f6 33. Kg2 g5
34. Rg1 e5 35. Rc4 Kf7 36. Ra1 Ke6 37. a3 Bd6 38. Rc6 Kf7 39. Ra6 Bc7 40. Rc1
Re7 41. Rac6 Bd6 42. Rd1 Red7 43. a4 Bb4 44. Rf1 e4 45. Ne1 Rd6 46. Rc4 Rd4 47.
Rxd4 Rxd4 48. Nc2 Rd2 49. Nxb4 axb4 50. Re1 f5 51. a5 Ra2 52. Rb1 e3 53. Rxb4
Rxf2+ 54. Kg1 Ra2 55. Rb7+ Kf6 56. Rb6+ Ke5 57. Kf1 f4 58. Rb8 f3 59. Re8+ Kd4
60. Rd8+ Kc3 61. Rc8+ Kd3 62. Rd8+ Kc2 63. Rc8+ Kd1 64. g4 e2+ 65. Kf2 e1=Q+
66. Kxf3 Qe2+ 67. Kg3 Qf2# 0-1

[Event "ICS rated standard match"]
[Site "204.178.125.65"]
[Date "2000.07.25"]
[Round "?"]
[White "Hossa"]
[Black "Almostmaster"]
[Result "1-0"]
[WhiteElo "2234"]
[BlackElo "2135"]
[PlyCount "38"]
[EventDate "2000.??.??"]

1. d4 Nf6 2. c4 g6 3. Nc3 Bg7 4. e4 O-O 5. Bg5 h6 6. Bd2 d6 7. Qc1 Nc6 8. Nf3
Kh7 9. d5 Ne5 10. Nxe5 dxe5 11. Be2 e6 12. O-O exd5 13. cxd5 a6 14. Qc2 b6 15.
Rac1 Bb7 16. Nb1 Rc8 17. Bb4 Rh8 18. Na3 Ne8 19. Nc4 Bf8 1-0

[Event "ICS rated blitz match"]
[Site "204.178.125.65"]
[Date "2000.07.25"]
[Round "?"]
[White "MissSilicon"]
[Black "Hossa"]
[Result "1-0"]
[WhiteElo "2784"]
[BlackElo "2439"]
[PlyCount "107"]
[EventDate "2000.??.??"]

1. c4 Nf6 2. Nf3 c5 3. Nc3 Nc6 4. d4 cxd4 5. Nxd4 e5 6. Nxc6 bxc6 7. e4 Bc5 8.
Bg5 Bd4 9. Qc2 Rb8 10. Rd1 Qb6 11. Bxf6 gxf6 12. Na4 Qa5+ 13. Rd2 Rb4 14. b3
Rxa4 15. bxa4 Bc3 16. Be2 d6 17. h3 Rg8 18. Bf1 Qb4 19. f3 Ke7 20. a5 Bxd2+ 21.
Qxd2 Qb1+ 22. Kf2 f5 23. Rg1 fxe4 24. Be2 Qb8 25. fxe4 Rg6 26. c5 Rf6+ 27. Kg3
dxc5 28. Qc3 Rg6+ 29. Kh2 Ke8 30. Qxc5 Bd7 31. Rd1 Qc7 32. Bc4 h6 33. g4 Rg7
34. Rf1 Rh7 35. Rf6 Qb8 36. Qf2 Kd8 37. Bxf7 Kc7 38. Bg6 Rh8 39. Bf5 Be8 40.
Re6 Kb7 41. Re7+ Ka8 42. Bc8 a6 43. Bb7+ Qxb7 44. Rxb7 Kxb7 45. Qb6+ Kc8 46.
Qxa6+ Kd8 47. Qb6+ Ke7 48. Qc7+ Kf6 49. Qd6+ Kg7 50. Qxe5+ Kh7 51. Qc7+ Kg6 52.
a6 Rf8 53. Qd6+ Kg7 54. Qe5+ 1-0

[Event "ICS rated blitz match"]
[Site "204.178.125.65"]
[Date "2000.07.25"]
[Round "?"]
[White "Hossa"]
[Black "QueenMaxima"]
[Result "1-0"]
[WhiteElo "2435"]
[BlackElo "2653"]
[PlyCount "261"]
[EventDate "2000.??.??"]

1. d4 e6 2. c4 Nf6 3. Nf3 b6 4. g3 Ba6 5. Nbd2 Bb4 6. Qb3 c5 7. a3 Ba5 8. Bg2
Nc6 9. d5 exd5 10. cxd5 Ne7 11. d6 Nf5 12. Ng5 O-O 13. Qf3 Nd4 14. Qxa8 Qxa8
15. Bxa8 Rxa8 16. b4 Nc2+ 17. Kd1 Nxa1 18. bxa5 Ng4 19. Nh3 Bb5 20. Bb2 Ba4+
21. Kc1 Nb3+ 22. Nxb3 Bxb3 23. axb6 axb6 24. e4 f6 25. Kd2 c4 26. Ke2 Ne5 27.
Nf4 b5 28. Nd5 Nf7 29. f3 Nxd6 30. Kf2 Nf7 31. Nc7 Rb8 32. h3 Ne5 33. Bxe5 fxe5
34. Rc1 Kf7 35. h4 Ke7 36. Nd5+ Kd6 37. h5 h6 38. f4 Ra8 39. Ra1 Ra5 40. Kf3
Ra7 41. Ke3 Ra6 42. Nb4 Ra5 43. Nd5 Ra7 44. Nc3 Kc6 45. Nd5 d6 46. Nb4+ Kc5 47.
Nd5 Ra4 48. Nc3 Ra8 49. Nd5 Ra7 50. Nc3 Ra6 51. Nd5 Ra5 52. f5 Ra7 53. Nc3 Ra6
54. Nd5 Ra4 55. Nc3 Ra7 56. Nd5 Bc2 57. g4 Bb3 58. Nc3 Ra8 59. Nd5 Kc6 60. Ne7+
Kb6 61. Nd5+ Kb7 62. Kf3 Kc6 63. Ne7+ Kc5 64. Nd5 Ra7 65. Ke3 Bc2 66. Nc3 Ra5
67. Ra2 Bd3 68. Nd5 Bb1 69. Ra1 Bc2 70. Nc7 Kc6 71. Nd5 Bb3 72. Nb4+ Kc5 73.
Nd5 Ra4 74. Nc3 Ra6 75. Nd5 Ra5 76. Nc3 Kc6 77. Nd5 Ra4 78. Ne7+ Kd7 79. Nd5
Ra7 80. Kf3 Kc6 81. Ke2 Ra8 82. Kf2 Ra4 83. Ke3 Kb7 84. Kf3 Ra8 85. Ke3 Ra5 86.
Kf2 Bc2 87. Kf3 Kc8 88. Nb6+ Kc7 89. Nd5+ Kd7 90. f6 gxf6 91. Nxf6+ Ke6 92. Nd5
Ra7 93. Ke3 Kd7 94. Ra2 Bb3 95. Ra1 Kc6 96. Nb4+ Kb6 97. Nd5+ Kc5 98. g5 hxg5
99. h6 Bc2 100. Nf6 Ra8 101. h7 Rh8 102. Rg1 Bb3 103. Rxg5 c3 104. Rg1 Kc6 105.
Kd3 c2 106. Kc3 Bf7 107. Kxc2 Bc4 108. Rg7 Ba2 109. Re7 Kc5 110. Re8 Rxh7 111.
Nxh7 Kd4 112. Nf6 Bc4 113. Kd2 Bb3 114. Rc8 Ba2 115. Rc6 Bc4 116. Rxd6+ Kc5
117. Ra6 Kd4 118. Rc6 Bf7 119. Rd6+ Kc5 120. Rd3 Be6 121. Nd7+ Bxd7 122. Rxd7
Kc4 123. Rd5 Kb3 124. Rxb5+ Ka4 125. Rxe5 Kb3 126. Rc5 Kb2 127. Rc3 Ka2 128.
Kc2 Ka1 129. a4 Ka2 130. a5 Ka1 131. Ra3# 1-0

[Event "ICS Rated blitz match"]
[Site "204.178.125.65"]
[Date "2000.07.25"]
[Round "?"]
[White "Hossa"]
[Black "MissSilicon"]
[Result "1-0"]
[WhiteElo "2460"]
[BlackElo "2788"]
[PlyCount "129"]
[EventDate "2000.??.??"]

1. d4 d5 2. Nf3 Nf6 3. e3 Bf5 4. Bd3 e6 5. Bxf5 exf5 6. O-O c6 7. b3 Bd6 8. c4
O-O 9. Nc3 Ne4 10. Ne2 dxc4 11. bxc4 Qa5 12. Kh1 Re8 13. Qb3 b6 14. Qc2 Na6 15.
a3 Nc7 16. Bb2 Rad8 17. Kg1 Rd7 18. Rfb1 Rde7 19. Rd1 f6 20. Qb3 Kh8 21. Bc3
Nxc3 22. Nxc3 Ne6 23. Qc2 Rc7 24. d5 Ng5 25. Nd4 Be5 26. dxc6 Bxd4 27. Rxd4
Rxc6 28. Rd5 Rc5 29. Qb3 Rxd5 30. Nxd5 Rd8 31. Qb4 Qxb4 32. axb4 b5 33. Rxa7
bxc4 34. f3 Ne6 35. Re7 Nf8 36. e4 fxe4 37. fxe4 f5 38. Nc3 Rd3 39. Ne2 Re3 40.
Kf2 Rxe4 41. Rxe4 fxe4 42. Ke3 Nd7 43. Kxe4 Kg8 44. Kd4 Kf7 45. Kxc4 Ke6 46.
Nd4+ Ke5 47. Nf3+ Ke4 48. Kb5 Nb8 49. Kb6 Kd5 50. b5 Nd7+ 51. Kc7 Nf6 52. b6
Ne8+ 53. Kb7 Nd6+ 54. Ka6 Ne4 55. b7 Nc5+ 56. Ka7 Nxb7 57. Kxb7 h6 58. Kc7 g5
59. Nxg5 hxg5 60. Kd7 Ke5 61. Ke7 Kf5 62. Kf7 g4 63. g3 Kg5 64. Kg7 Kf5 65. Kh6
1-0

[Event "ICS rated blitz match"]
[Site "204.178.125.65"]
[Date "2000.07.25"]
[Round "?"]
[White "MissSilicon"]
[Black "Hossa"]
[Result "1-0"]
[WhiteElo "2760"]
[BlackElo "2488"]
[PlyCount "79"]
[EventDate "2000.??.??"]

1. f4 d5 2. e3 Nf6 3. Nf3 Bf5 4. d4 e6 5. Bd3 Ne4 6. O-O Bb4 7. c3 Be7 8. Ne5
Nd7 9. g4 Bg6 10. f5 exf5 11. gxf5 Nxe5 12. dxe5 Nc5 13. fxg6 hxg6 14. Qf3 O-O
15. e4 Bg5 16. Kh1 Bxc1 17. Rxc1 dxe4 18. Bxe4 Qg5 19. Na3 Rab8 20. b4 Nxe4 21.
Qxe4 Rfe8 22. Re1 a6 23. Rad1 Re7 24. Nc2 c6 25. Nd4 Rbe8 26. e6 fxe6 27. Nf3
Qf5 28. Nh4 Qxe4+ 29. Rxe4 Rf7 30. Nxg6 Rf6 31. Ne5 Rf2 32. Rd7 Rxa2 33. Rg4
Ra1+ 34. Kg2 Ra2+ 35. Kh3 g5 36. Rxg5+ Kh8 37. Nf7+ Kh7 38. Rd4 Rxh2+ 39. Kxh2
Rf8 40. Rh4# {Hossa checkmated} 1-0

[Event "ICS rated standard match"]
[Site "204.178.125.65"]
[Date "2000.07.25"]
[Round "?"]
[White "MissSilicon"]
[Black "Hossa"]
[Result "1-0"]
[WhiteElo "2488"]
[BlackElo "2246"]
[PlyCount "153"]
[EventDate "2000.??.??"]

1. Nf3 Nf6 2. c4 g6 3. d4 Bg7 4. Nc3 d6 5. e4 O-O 6. Be2 c5 7. O-O cxd4 8. Nxd4
Nc6 9. Nxc6 bxc6 10. Be3 Rb8 11. Rb1 Qa5 12. f3 Nd7 13. Qd2 Re8 14. Rfc1 Nc5
15. b3 f5 16. Rc2 Qc7 17. Bxc5 dxc5 18. Rd1 Be5 19. Qh6 Bf4 20. Qh4 fxe4 21.
fxe4 Rf8 22. Kh1 Be3 23. Bf3 Qe5 24. Ne2 Rb7 25. Rc3 Bg5 26. Qg3 Qxg3 27. Nxg3
h5 28. Rcd3 e5 29. Rd6 Rg7 30. Rxc6 Be3 31. Ne2 Kh7 32. Rcd6 Rgf7 33. R6d5 Re7
34. h3 h4 35. Kh2 Rh8 36. R1d3 Bf2 37. g4 hxg3+ 38. Nxg3 Kg7 39. Bg2 Bd4 40.
Ne2 Bf2 41. a4 Bg4 42. Bf1 Rf7 43. Rxe5 Be1 44. Ng3 Bc8 45. Bg2 Bf2 46. Ne2 a5
47. Red5 Bg4 48. Nc3 Rb7 49. Nb5 Rbb8 50. e5 Rh5 51. Rd6 Rbh8 52. e6 Kf6 53.
R3d5 R8h6 54. Rxh5 Rxh5 55. Nc7 Bd4 56. Nd5+ Rxd5 57. Rxd5 Bxe6 58. Rd8 Bf5 59.
Kh1 Kg5 60. b4 axb4 61. a5 b3 62. a6 Bc3 63. Rd1 Bc2 64. Rf1 b2 65. a7 Bd3 66.
a8=Q Bxf1 67. Qd8+ Kh6 68. Qf8+ Kh7 69. Qf7+ Bg7 70. Be4 Bxc4 71. Qxc4 Kh6 72.
Qf7 Kg5 73. h4+ Kh5 74. Bxg6+ Kg4 75. Kg2 b1=Q 76. Qf3+ Kxh4 77. Qh5# {
Hossa checkmated} 1-0

[Event "ICS rated blitz match"]
[Site "204.178.125.65"]
[Date "2000.07.25"]
[Round "?"]
[White "Hossa"]
[Black "Tinker"]
[Result "0-1"]
[WhiteElo "2500"]
[BlackElo "2544"]
[PlyCount "168"]
[EventDate "2000.??.??"]

1. Nf3 d5 2. c3 Nc6 3. d4 Bf5 4. e3 a6 5. Bd3 Bxd3 6. Qxd3 e6 7. O-O Bd6 8.
Nbd2 Qf6 9. e4 Qg6 10. Qe2 O-O-O 11. b4 Na7 12. a4 Nh6 13. b5 a5 14. e5 Be7 15.
Nb3 b6 16. Bxh6 Qxh6 17. c4 dxc4 18. Qxc4 Kb8 19. Rfc1 Rc8 20. d5 exd5 21. Qxd5
Qg6 22. Nbd4 Rhd8 23. Qc4 Bc5 24. Nb3 Bb4 25. Nfd4 Re8 26. f4 f6 27. e6 Qg4 28.
Ra2 Bd6 29. Rf2 Rcd8 30. Re1 h5 31. h3 Qg6 32. Rc1 Re7 33. Rf3 Ba3 34. Rc2 Bd6
35. Rcc3 Bb4 36. Rcd3 Qe8 37. Nf5 Rxd3 38. Rxd3 Rxe6 39. Nxg7 Re1+ 40. Kh2 Qh8
41. Ne6 Bd6 42. Nbd4 Qh7 43. Qd5 Qe4 44. Qxe4 Rxe4 45. Kg3 Kb7 46. Kf3 Re1 47.
Rc3 Kb8 48. g4 hxg4+ 49. Kxg4 Ra1 50. Rc4 Kb7 51. Kf5 Rh1 52. Rc3 Ra1 53. Nd8+
Kc8 54. Nf7 Bb4 55. Rg3 Rxa4 56. Rg8+ Kd7 57. Rd8+ Ke7 58. Kg6 Ra1 59. Nf5+ Ke6
60. Ng7+ Ke7 61. Re8+ Kd7 62. Kxf6 Bc3+ 63. Ne5+ Bxe5+ 64. Rxe5 Rh1 65. Rd5+
Kc8 66. Ne6 Rxh3 67. f5 a4 68. Rd8+ Kb7 69. Rd5 a3 70. Nd8+ Kc8 71. Rd2 Nxb5
72. Nf7 Nc3 73. Rg2 a2 74. Rg8+ Kb7 75. Nd8+ Ka6 76. Nc6 Rh6+ 77. Ke5 Rxc6 78.
Ra8+ Kb5 79. Ra7 Na4 80. f6 a1=Q+ 81. Kf4 Rxf6+ 82. Ke3 Qe5+ 83. Kd3 Rd6+ 84.
Kc2 Qb2# {Hossa checkmated} 0-1

[Event "ICS rated blitz match"]
[Site "204.178.125.65"]
[Date "2000.07.25"]
[Round "?"]
[White "Tinker"]
[Black "Hossa"]
[Result "1-0"]
[WhiteElo "2558"]
[BlackElo "2486"]
[PlyCount "65"]
[EventDate "2000.??.??"]

1. e4 c5 2. Nf3 g6 3. d4 Bg7 4. dxc5 Nf6 5. Nc3 Qa5 6. Nd2 Qxc5 7. Nb3 Qc7 8.
Be3 Nc6 9. Be2 O-O 10. Qd2 d6 11. O-O-O Ng4 12. Bxg4 Bxg4 13. Nd5 Qd7 14. f3
Be6 15. Bh6 Rfc8 16. Bxg7 Kxg7 17. h4 h5 18. Kb1 b5 19. Nd4 Bxd5 20. exd5 Nxd4
21. Qxd4+ Kh7 22. Rde1 Rc4 23. Qd3 Rac8 24. g4 hxg4 25. h5 Kg7 26. hxg6 fxg6
27. Re6 Qe8 28. Qe3 Qg8 29. Qg5 Qxe6 30. dxe6 R4c7 31. Rh6 Kf8 32. Rxg6 gxf3
33. Rg8# {Hossa checkmated} 1-0

[Event "ICS rated standard match"]
[Site "204.178.125.65"]
[Date "2000.07.25"]
[Round "?"]
[White "Hossa"]
[Black "ILLASKER"]
[Result "1-0"]
[WhiteElo "2240"]
[BlackElo "1903"]
[PlyCount "31"]
[EventDate "2000.??.??"]

1. e4 c5 2. Nf3 Nc6 3. Bb5 Nd4 4. Nxd4 cxd4 5. c3 g6 6. cxd4 Qb6 7. Qa4 Bg7 8.
e5 Nh6 9. Nc3 Nf5 10. Nd5 Qxd4 11. Nc7+ Kd8 12. Nxa8 Qxe5+ 13. Kd1 Nd4 14. Bc4
Qh5+ 15. f3 b5 16. Qxa7 1-0

[Event "ICS rated standard match"]
[Site "204.178.125.65"]
[Date "2000.07.25"]
[Round "?"]
[White "Hossa"]
[Black "Tinker"]
[Result "1/2-1/2"]
[WhiteElo "2244"]
[BlackElo "2240"]
[PlyCount "173"]
[EventDate "2000.??.??"]

1. e4 d5 2. d3 dxe4 3. Nc3 exd3 4. Qxd3 Qxd3 5. Bxd3 e5 6. Nb5 Na6 7. Nf3 c6 8.
Nc3 Nc5 9. Nxe5 f6 10. Nf3 Nxd3+ 11. cxd3 Bg4 12. Be3 Bxf3 13. gxf3 Ne7 14. Kd2
Ng6 15. Rae1 O-O-O 16. Bxa7 Ne5 17. Kc2 Nxd3 18. Rd1 Nb4+ 19. Kb3 Nd5 20. Rd4
Be7 21. Re1 Rhe8 22. Rde4 f5 23. Re5 Nxc3 24. Rxe7 Rxe7 25. Rxe7 Nb5 26. Bb6
Rd3+ 27. Kc2 Rxf3 28. Rxg7 h5 29. Rh7 Rh3 30. a4 Nd6 31. Rc7+ Kb8 32. Rd7 Nc8
33. Bd4 Rh4 34. Be5+ Ka7 35. Rf7 Rxa4 36. Rxf5 h4 37. Bf6 Nb6 38. Rh5 Nd5 39.
Rxh4 Ra5 40. Bd4+ c5 41. Be3 Nxe3+ 42. fxe3 Ra1 43. b3 Kb6 44. Kd3 Rd1+ 45. Kc3
Kc6 46. Rh7 Rc1+ 47. Kd3 Rd1+ 48. Kc2 Re1 49. Kd2 Rb1 50. Rh6+ Kb5 51. Kc2 Re1
52. Rh3 Re2+ 53. Kd3 Rb2 54. Kc3 Re2 55. Rf3 Rxh2 56. Rf7 b6 57. Rf6 Rh3 58.
Re6 Ka5 59. Kc4 Rh5 60. Re8 b5+ 61. Kc3 Rh3 62. Re5 Rf3 63. Re4 Kb6 64. Re6+
Kc7 65. Re8 Kd7 66. Re5 Kd6 67. Re8 Rg3 68. Kd3 Kd5 69. Rd8+ Ke5 70. Re8+ Kf6
71. Rc8 c4+ 72. bxc4 bxc4+ 73. Kd4 c3 74. Rc6+ Ke7 75. e4 c2 76. Rxc2 Rg1 77.
e5 Kf8 78. e6 Rd1+ 79. Ke5 Ra1 80. Kf5 Rd1 81. Kf6 Rf1+ 82. Ke5 Rb1 83. Kf5 Rd1
84. Kf6 Rf1+ 85. Ke5 Rb1 86. Kf5 Rd1 87. Kf6 1/2-1/2

[Event "ICS rated bullet match"]
[Site "204.178.125.65"]
[Date "2000.07.25"]
[Round "?"]
[White "Hossa"]
[Black "JSBach"]
[Result "1-0"]
[WhiteElo "2487"]
[BlackElo "1946"]
[PlyCount "47"]
[EventDate "2000.??.??"]

1. e4 e5 2. Bc4 Bc5 3. Nf3 Nc6 4. c3 Nf6 5. d4 exd4 6. O-O Nxe4 7. cxd4 Bb4 8.
Qb3 O-O 9. Bd5 Qe7 10. a3 Bd6 11. Re1 Na5 12. Qc2 c6 13. Bxe4 Qf6 14. Bg5 Bxh2+
15. Kf1 Qd6 16. Bxh7+ Kh8 17. Be7 Qd5 18. Nc3 Qb3 19. Bxf8 Bf4 20. Qf5 Bc7 21.
Nd2 Qxb2 22. Qxf7 Qb5+ 23. Nxb5 cxb5 24. Qxg7# {JSBach checkmated} 1-0

[Event "ICS rated blitz match"]
[Site "204.178.125.65"]
[Date "2000.07.25"]
[Round "?"]
[White "Hossa"]
[Black "Tinker"]
[Result "1-0"]
[WhiteElo "2473"]
[BlackElo "2571"]
[PlyCount "169"]
[EventDate "2000.??.??"]

1. e4 d5 2. d3 dxe4 3. Nc3 exd3 4. Qxd3 Nd7 5. Bg5 h6 6. Be3 e5 7. O-O-O c6 8.
f4 exf4 9. Bxf4 Be7 10. Qg3 Kf8 11. h4 Qa5 12. Bc7 Nb6 13. Re1 Qb4 14. Re4 Qa5
15. Ra4 Qc5 16. Be5 Nf6 17. Bd4 Nxa4 18. Bxc5 Nxc5 19. Nf3 Rh7 20. Bc4 b5 21.
Bf1 b4 22. Ne2 Nce4 23. Qc7 c5 24. Rg1 Bd6 25. Qd8+ Ne8 26. Kb1 Bb7 27. Qd7 Bd5
28. Qa4 c4 29. Qb5 N8f6 30. Ned4 c3 31. b3 Kg8 32. Nc6 Bc5 33. Rh1 a6 34. Qb7
Re8 35. Bd3 a5 36. Bxe4 Bxe4 37. Qb5 Bd6 38. Nxa5 Rb8 39. Qf1 Bc7 40. Nc4 Re8
41. Ne1 Nh5 42. Qf2 Rd8 43. Nf3 Ng3 44. Rg1 Bf4 45. Nfe5 Nh5 46. Rf1 f6 47. Ng4
Bf5 48. Qf3 Bg6 49. Qb7 Rb8 50. Qa7 Re8 51. Qc5 Ng3 52. Rd1 Bh5 53. Qb5 Bc7 54.
Nf2 f5 55. Rg1 Ne2 56. Re1 Bf7 57. Qxb4 Bg3 58. Qc5 Re6 59. h5 Bxh5 60. Qxf5
Nd4 61. Qd5 Rh8 62. Rxe6 Nxe6 63. Qxe6+ Bf7 64. Qe3 Bxf2 65. Qxf2 h5 66. Qe3
Rh6 67. Qxc3 Rf6 68. Ne3 Bg6 69. Qc8+ Kh7 70. Kb2 Rf2 71. Qc4 Bf7 72. Qc3 Rf6
73. Qc8 Be6 74. Qa8 Kg6 75. Qe8+ Bf7 76. Qe4+ Kg5 77. Nd5 Bxd5 78. Qxd5+ Kh6
79. a3 Rf2 80. Qe6+ Rf6 81. Qxf6+ gxf6 82. a4 Kg5 83. a5 Kh4 84. a6 Kg3 85. a7
{Tinker resigns} 1-0

[Event "ICS rated blitz match"]
[Site "204.178.125.65"]
[Date "2000.07.25"]
[Round "?"]
[White "Tinker"]
[Black "Hossa"]
[Result "1-0"]
[WhiteElo "2551"]
[BlackElo "2493"]
[PlyCount "83"]
[EventDate "2000.??.??"]

1. e4 e6 2. d4 d5 3. Nc3 Bb4 4. e5 c5 5. Nf3 cxd4 6. Nxd4 Qc7 7. Nf3 Nc6 8. Bb5
Bd7 9. Bxc6 Bxc3+ 10. bxc3 Bxc6 11. Qe2 Ba4 12. Bb2 Ne7 13. O-O Ng6 14. Rfe1 a6
15. Nd4 Bd7 16. Ba3 Qxc3 17. Qe3 Qxe3 18. Rxe3 Rc8 19. c3 Bc6 20. Rb1 b5 21.
Bd6 Ba8 22. a4 bxa4 23. Rb6 a5 24. Ra6 Nf4 25. Rxa5 Bb7 26. Ra7 Ba8 27. Re7+
Kd8 28. Rxf7 g5 29. g3 Ng6 30. Nxe6+ Ke8 31. Ra7 Bc6 32. Ng7+ Kd8 33. e6 Bb7
34. Rxb7 Rc4 35. e7+ Kc8 36. Rb8+ Kd7 37. Rxh8 Nxh8 38. e8=Q+ Kxd6 39. Qe7+ Kc6
40. Re6+ Kb5 41. Qb7+ Kc5 42. Rc6# {Hossa checkmated} 1-0

[Event "ICS rated blitz match"]
[Site "204.178.125.65"]
[Date "2000.07.25"]
[Round "?"]
[White "Hossa"]
[Black "Tinker"]
[Result "0-1"]
[WhiteElo "2480"]
[BlackElo "2564"]
[PlyCount "116"]
[EventDate "2000.??.??"]

1. e4 d5 2. d3 dxe4 3. Nc3 exd3 4. Qxd3 Nd7 5. Bg5 Ngf6 6. O-O-O e5 7. Nd5 Be7
8. Nxe7 Qxe7 9. h4 O-O 10. f3 Nb6 11. Re1 Qe6 12. c4 Nh5 13. Rh3 Bd7 14. g4 Nf6
15. Qc3 Rfe8 16. Bf4 Nbd5 17. cxd5 Nxd5 18. Bc4 Nxc3 19. Bxe6 exf4 20. bxc3
Bxe6 21. Rh2 Bxg4 22. Rd1 Bf5 23. Rg2 Rad8 24. Ne2 Rxd1+ 25. Kxd1 Rd8+ 26. Ke1
Rd3 27. Rf2 f6 28. Nd4 Re3+ 29. Kd2 Bg6 30. Ne2 Rd3+ 31. Ke1 Bf7 32. a3 Bc4 33.
h5 c5 34. a4 a5 35. Rf1 Bb3 36. Nc1 Re3+ 37. Kd2 Bxa4 38. Nd3 Bc6 39. Nxf4 Rxf3
40. Rxf3 Bxf3 41. Kc2 b5 42. h6 gxh6 43. Ne6 c4 44. Nc7 b4 45. Ne8 f5 46. Nd6
Bd5 47. Kb2 f4 48. Nf5 Be6 49. Nd4 Bg4 50. Nc2 f3 51. Ne3 f2 52. Nxg4 f1=Q 53.
Nxh6+ Kg7 54. cxb4 axb4 55. Ng4 Qe2+ 56. Kc1 c3 57. Ne3 Qb2+ 58. Kd1 Qd2# {
Hossa checkmated} 0-1

[Event "ICS rated blitz match"]
[Site "204.178.125.65"]
[Date "2000.07.25"]
[Round "?"]
[White "Tinker"]
[Black "Hossa"]
[Result "0-1"]
[WhiteElo "2576"]
[BlackElo "2468"]
[PlyCount "104"]
[EventDate "2000.??.??"]

1. e4 c5 2. Nf3 g6 3. d4 cxd4 4. Qxd4 Nf6 5. e5 Nc6 6. Qa4 Nd5 7. Na3 Bg7 8.
Qe4 Nc7 9. Bf4 Ne6 10. O-O-O Nxf4 11. Qxf4 O-O 12. Rd2 a6 13. Bc4 Qc7 14. Re1
e6 15. Qe3 b5 16. Bf1 f6 17. exf6 Rxf6 18. Nb1 Rf5 19. Bd3 Rf4 20. Be2 Nb4 21.
Qb3 Qc5 22. a3 Nd5 23. g3 Rf8 24. Ng5 Qxf2 25. Rf1 Qe3 26. Rxf8+ Bxf8 27. Qxe3
Nxe3 28. Rd3 Bh6 29. h4 Nc4 30. Nc3 d5 31. Bg4 Rb8 32. Na2 Ne5 33. Rd4 Nxg4 34.
Rxg4 e5 35. Rb4 d4 36. Kb1 Bxg5 37. hxg5 a5 38. Rb3 e4 39. Nc1 Be6 40. g4 Bxb3
41. Nxb3 e3 42. Nc1 Rf8 43. Ne2 Rf2 44. Nxd4 e2 45. Nxe2 Rxe2 46. b3 Re5 47.
Kb2 Rxg5 48. c4 h5 49. gxh5 gxh5 50. c5 Rxc5 51. Kb1 h4 52. Kb2 h3 {
Tinker resigns} 0-1